| 000 | 00435cam a22001934a 4500 | ||
|---|---|---|---|
| 005 | 20250605164324.0 | ||
| 008 | 250528s ||||||||||||||||||||||||d | ||
| 035 | _a22961 | ||
| 020 | _a9780745633794 | ||
| 040 |
_aGR-AtMCL _bgre _dGR-AtMCL _eAACR2 |
||
| 245 | 1 | _aSOCIOLOGY | |
| 250 | _a5 | ||
| 260 |
_bPolicy Press, _c2006 |
||
| 300 | _a1094 | ||
| 700 | 1 |
_aGiddens Anthony _9516 |
|
| 942 | _cBK | ||
| 999 |
_c8003 _d8003 |
||